000
00285nam a22001217a 4500
020
_a
NA
082
_2
22
_a
363.3498809
100
_a
Junocl, Marcel.
245
_a
Warrior with out weapons /
260
_b
ICRC Publications,
_c
c 1982.
300
_a
317 p, ;
_b
NA
_c
24 cm.
942
_2
ddc
_c
GEN
999
_c
4170
_d
4170